[Event "FIDE World Cup 2025"]
[Site "Goa, India"]
[Date "2025.11.03"]
[Round "3.1"]
[White "Hovhannisyan, Robert"]
[Black "Kavin, Mohan"]
[Result "1/2-1/2"]
[TimeControl ": 90 minutes for the first 40 moves, followed by 30 minutes for the rest of the gamewith an increment of 30 seconds per move starting from move 1"]
[WhiteFideId "13302507"]
[BlackFideId "5739047"]
[WhiteElo "2633"]
[BlackElo "2346"]

1. e4 {[%clk 00:15:18]} {[%emt 00:00:02]} e5 {[%clk 00:15:19]} {[%emt
00:00:01]} 2. Nf3 {[%clk 00:15:27]} Nf6 {[%clk 00:15:28]} {[%emt 00:00:01]} 3.
d4 {[%clk 00:15:35]} Nxe4 {[%clk 00:15:35]} {[%emt 00:00:03]} 4. Bd3 {[%clk
00:15:44]} {[%emt 00:00:02]} d5 {[%clk 00:15:44]} {[%emt 00:00:01]} 5. Nxe5
{[%clk 00:15:53]} {[%emt 00:00:01]} Nd7 {[%clk 00:15:53]} 6. Nxd7 {[%clk
00:15:59]} {[%emt 00:00:04]} Bxd7 {[%clk 00:16:01]} {[%emt 00:00:02]} 7. Nd2
{[%clk 00:16:04]} {[%emt 00:00:05]} Nxd2 {[%clk 00:15:58]} {[%emt 00:00:13]} 8.
Bxd2 {[%clk 00:16:12]} {[%emt 00:00:02]} Bd6 {[%clk 00:16:06]} {[%emt
00:00:02]} 9. O-O {[%clk 00:16:20]} {[%emt 00:00:02]} O-O {[%clk 00:16:12]}
{[%emt 00:00:04]} 10. Qh5 {[%clk 00:16:04]} {[%emt 00:00:25]} f5 {[%clk
00:16:21]} {[%emt 00:00:01]} 11. Bg5 {[%clk 00:15:19]} {[%emt 00:00:56]} Qe8
{[%clk 00:16:03]} {[%emt 00:00:28]} 12. Qf3 {[%clk 00:15:26]} {[%emt 00:00:03]}
Qg6 {[%clk 00:14:41]} {[%emt 00:01:31]} 13. Bf4 {[%clk 00:15:26]} {[%emt
00:00:10]} c6 {[%clk 00:14:06]} {[%emt 00:00:45]} 14. Rae1 {[%clk 00:14:58]}
{[%emt 00:00:39]} Rae8 {[%clk 00:14:05]} {[%emt 00:00:12]} 15. h4 {[%clk
00:14:33]} {[%emt 00:00:34]} Qf6 {[%clk 00:13:11]} {[%emt 00:01:04]} 16. Qg3
{[%clk 00:14:17]} {[%emt 00:00:26]} Bxf4 {[%clk 00:12:50]} {[%emt 00:00:31]} 17.
Qxf4 {[%clk 00:14:25]} {[%emt 00:00:02]} g6 {[%clk 00:12:45]} {[%emt 00:00:15]}
18. c3 {[%clk 00:14:15]} {[%emt 00:00:19]} Bc8 {[%clk 00:12:20]} {[%emt
00:00:35]} 19. f3 {[%clk 00:12:43]} {[%emt 00:01:43]} Re7 {[%clk 00:11:51]}
{[%emt 00:00:39]} 20. Qg5 {[%clk 00:10:50]} {[%emt 00:02:02]} Qxg5 {[%clk
00:11:37]} {[%emt 00:00:24]} 21. hxg5 {[%clk 00:10:59]} {[%emt 00:00:02]} Rfe8
{[%clk 00:11:47]} 22. Rxe7 {[%clk 00:11:06]} {[%emt 00:00:04]} Rxe7 {[%clk
00:11:56]} 23. f4 {[%clk 00:09:12]} {[%emt 00:02:04]} Kg7 {[%clk 00:11:41]}
{[%emt 00:00:25]} 24. Kf2 {[%clk 00:09:19]} {[%emt 00:00:03]} h6 {[%clk
00:11:46]} {[%emt 00:00:05]} 25. gxh6+ {[%clk 00:08:16]} {[%emt 00:01:14]} Kxh6
{[%clk 00:11:54]} {[%emt 00:00:01]} 26. b3 {[%clk 00:08:13]} {[%emt 00:00:14]}
Kg7 {[%clk 00:11:38]} {[%emt 00:00:25]} 27. Rd1 {[%clk 00:08:09]} {[%emt
00:00:14]} Kf6 {[%clk 00:11:35]} {[%emt 00:00:13]} 28. Rh1 {[%clk 00:08:09]}
{[%emt 00:00:10]} Kg7 {[%clk 00:11:44]} {[%emt 00:00:01]} 29. Be2 {[%clk
00:08:11]} {[%emt 00:00:07]} Be6 {[%clk 00:11:39]} {[%emt 00:00:16]} 30. Bf3
{[%clk 00:08:04]} {[%emt 00:00:17]} Bf7 {[%clk 00:11:47]} {[%emt 00:00:02]} 31.
Rc1 {[%clk 00:08:12]} {[%emt 00:00:02]} Kf6 {[%clk 00:11:42]} {[%emt 00:00:14]}
32. Rh1 {[%clk 00:07:41]} {[%emt 00:00:41]} Kg7 {[%clk 00:11:51]} 33. a4 {[%clk
00:07:47]} {[%emt 00:00:04]} Re8 {[%clk 00:10:54]} {[%emt 00:01:07]} 34. a5
{[%clk 00:07:49]} {[%emt 00:00:09]} Re7 {[%clk 00:10:23]} {[%emt 00:00:39]} 35.
Rc1 {[%clk 00:06:24]} {[%emt 00:01:36]} Kf6 {[%clk 00:09:49]} {[%emt 00:00:45]}
36. Rb1 {[%clk 00:05:52]} {[%emt 00:00:43]} Re8 {[%clk 00:09:50]} {[%emt
00:00:08]} 37. Rh1 {[%clk 00:05:22]} {[%emt 00:00:41]} Kg7 {[%clk 00:09:57]}
{[%emt 00:00:03]} 38. Rc1 {[%clk 00:05:30]} {[%emt 00:00:02]} Kf6 {[%clk
00:10:04]} {[%emt 00:00:02]} 39. Ra1 {[%clk 00:04:22]} {[%emt 00:01:20]} Re7
{[%clk 00:10:09]} {[%emt 00:00:04]} 40. b4 {[%clk 00:04:20]} {[%emt 00:00:13]}
a6 {[%clk 00:10:16]} {[%emt 00:00:03]} 41. Rh1 {[%clk 00:04:16]} {[%emt
00:00:13]} Kg7 {[%clk 00:10:24]} {[%emt 00:00:02]} 42. Rg1 {[%clk 00:04:11]}
{[%emt 00:00:15]} Be6 {[%clk 00:10:20]} {[%emt 00:00:13]} 43. Re1 {[%clk
00:04:19]} {[%emt 00:00:02]} Kf6 {[%clk 00:10:30]} 44. Re5 {[%clk 00:04:21]}
{[%emt 00:00:08]} Rh7 {[%clk 00:10:31]} {[%emt 00:00:09]} 45. Kg1 {[%clk
00:04:16]} {[%emt 00:00:15]} Rd7 {[%clk 00:10:32]} {[%emt 00:00:09]} 46. Re1
{[%clk 00:03:50]} {[%emt 00:00:37]} Re7 {[%clk 00:10:37]} {[%emt 00:00:04]} 47.
Kf2 {[%clk 00:03:57]} {[%emt 00:00:02]} Rh7 {[%clk 00:10:43]} {[%emt 00:00:04]}
48. Kg3 {[%clk 00:03:59]} {[%emt 00:00:08]} Rh8 {[%clk 00:10:40]} {[%emt
00:00:14]} 49. Be2 {[%clk 00:04:02]} {[%emt 00:00:07]} Rh7 {[%clk 00:10:39]}
{[%emt 00:00:10]} 50. Bd3 {[%clk 00:04:08]} {[%emt 00:00:05]} Rh8 {[%clk
00:10:47]} {[%emt 00:00:02]} 51. Kf3 {[%clk 00:04:06]} {[%emt 00:00:12]} Rh7
{[%clk 00:10:49]} {[%emt 00:00:08]} 52. Kf2 {[%clk 00:04:10]} {[%emt 00:00:07]}
Rh4 {[%clk 00:10:55]} {[%emt 00:00:03]} 53. Kg3 {[%clk 00:04:12]} {[%emt
00:00:08]} Rg4+ {[%clk 00:10:51]} {[%emt 00:00:14]} 54. Kf3 {[%clk 00:04:20]}
{[%emt 00:00:02]} Rh4 {[%clk 00:11:00]} 55. Rg1 {[%clk 00:04:23]} {[%emt
00:00:08]} Rh8 {[%clk 00:10:57]} {[%emt 00:00:12]} 56. Be2 {[%clk 00:04:09]}
{[%emt 00:00:24]} Rh7 {[%clk 00:11:05]} {[%emt 00:00:02]} 57. Kf2 {[%clk
00:04:18]} {[%emt 00:00:02]} Rh2 {[%clk 00:11:10]} {[%emt 00:00:04]} 58. Rd1
{[%clk 00:04:22]} {[%emt 00:00:06]} Rh4 {[%clk 00:11:17]} {[%emt 00:00:02]} 59.
Kg3 {[%clk 00:04:21]} {[%emt 00:00:12]} Rh7 {[%clk 00:11:26]} {[%emt 00:00:01]}
60. Rd3 {[%clk 00:04:23]} {[%emt 00:00:08]} Rh8 {[%clk 00:11:32]} {[%emt
00:00:04]} 61. Kf2 {[%clk 00:04:19]} {[%emt 00:00:14]} Rh4 {[%clk 00:11:40]}
{[%emt 00:00:02]} 62. Rf3 {[%clk 00:04:27]} {[%emt 00:00:02]} Kf7 {[%clk
00:11:32]} {[%emt 00:00:18]} 63. Rh3 {[%clk 00:03:55]} {[%emt 00:00:42]} Rxh3
{[%clk 00:11:08]} {[%emt 00:00:34]} 64. gxh3 {[%clk 00:04:04]} Kg7 {[%clk
00:11:14]} {[%emt 00:00:04]} 65. h4 {[%clk 00:03:17]} {[%emt 00:00:57]} Bf7
{[%clk 00:11:17]} {[%emt 00:00:06]} 66. h5 {[%clk 00:03:10]} {[%emt 00:00:18]}
gxh5 {[%clk 00:11:07]} {[%emt 00:00:20]} 67. Kg3 {[%clk 00:03:18]} {[%emt
00:00:01]} Kg6 {[%clk 00:10:57]} {[%emt 00:00:20]} 68. Kh3 {[%clk 00:03:12]}
{[%emt 00:00:17]} Kg7 {[%clk 00:11:00]} {[%emt 00:00:08]} 69. Bd1 {[%clk
00:03:18]} {[%emt 00:00:03]} Kg6 {[%clk 00:11:07]} {[%emt 00:00:03]} 70. Bf3
{[%clk 00:03:26]} {[%emt 00:00:02]} Kg7 {[%clk 00:11:14]} {[%emt 00:00:03]} 71.
Be2 {[%clk 00:03:33]} {[%emt 00:00:02]} Kg6 {[%clk 00:11:22]} {[%emt 00:00:03]}
72. Bd3 {[%clk 00:03:34]} {[%emt 00:00:10]} Be6 {[%clk 00:11:26]} {[%emt
00:00:06]} 73. Kg3 {[%clk 00:03:41]} {[%emt 00:00:03]} Kg7 {[%clk 00:11:33]}
{[%emt 00:00:03]} 74. Kh4 {[%clk 00:03:46]} {[%emt 00:00:05]} Kh6 {[%clk
00:11:42]} 75. Bb1 {[%clk 00:03:53]} {[%emt 00:00:03]} Kg6 {[%clk 00:11:35]}
{[%emt 00:00:17]} 76. Bc2 {[%clk 00:04:01]} {[%emt 00:00:03]} Kh6 {[%clk
00:11:42]} {[%emt 00:00:03]} 77. Bd3 {[%clk 00:04:07]} {[%emt 00:00:04]} Bd7
{[%clk 00:11:49]} {[%emt 00:00:02]} 78. c4 {[%clk 00:04:04]} {[%emt 00:00:13]}
dxc4 {[%clk 00:06:31]} {[%emt 00:05:29]} 79. Bxc4 {[%clk 00:04:12]} {[%emt
00:00:02]} Kg6 {[%clk 00:06:39]} 80. Bb3 {[%clk 00:03:25]} {[%emt 00:00:58]}
Kh6 {[%clk 00:06:22]} {[%emt 00:00:27]} 81. Ba2 {[%clk 00:03:12]} {[%emt
00:00:23]} Kg6 {[%clk 00:06:19]} {[%emt 00:00:13]} 82. Bc4 {[%clk 00:03:17]}
{[%emt 00:00:05]} Kh6 {[%clk 00:06:21]} {[%emt 00:00:09]} 83. Bb3 {[%clk
00:03:18]} {[%emt 00:00:08]} Kg6 {[%clk 00:06:27]} {[%emt 00:00:03]} 84. Bd1
{[%clk 00:03:26]} {[%emt 00:00:01]} Be6 {[%clk 00:06:31]} {[%emt 00:00:06]} 85.
Bxh5+ {[%clk 00:03:14]} {[%emt 00:00:22]} Kf6 {[%clk 00:06:40]} 86. Be8 {[%clk
00:03:09]} {[%emt 00:00:15]} Ke7 {[%clk 00:06:18]} {[%emt 00:00:32]} 87. Bg6
{[%clk 00:03:16]} {[%emt 00:00:02]} Kf6 {[%clk 00:06:27]} 88. Kh5 {[%clk
00:03:21]} {[%emt 00:00:05]} Bd7 {[%clk 00:06:22]} {[%emt 00:00:15]} 89. Kh6
{[%clk 00:03:28]} {[%emt 00:00:03]} Be6 {[%clk 00:05:57]} {[%emt 00:00:36]} 90.
Bh5 {[%clk 00:03:14]} {[%emt 00:00:24]} Bd5 {[%clk 00:05:57]} {[%emt 00:00:09]}
91. Be2 {[%clk 00:03:05]} {[%emt 00:00:19]} Be6 {[%clk 00:05:50]} {[%emt
00:00:19]} 92. Bf3 {[%clk 00:03:09]} {[%emt 00:00:06]} Bc4 {[%clk 00:05:58]} 93.
Kh5 {[%clk 00:02:15]} {[%emt 00:01:04]} Bf7+ {[%clk 00:05:57]} {[%emt
00:00:11]} 94. Kh4 {[%clk 00:02:24]} {[%emt 00:00:02]} Be6 {[%clk 00:06:05]}
{[%emt 00:00:01]} 95. Kg3 {[%clk 00:02:31]} {[%emt 00:00:04]} Bd5 {[%clk
00:05:55]} {[%emt 00:00:20]} 96. Bh5 {[%clk 00:02:30]} {[%emt 00:00:09]} Bf7
{[%clk 00:05:50]} {[%emt 00:00:16]} 97. Bd1 {[%clk 00:02:25]} {[%emt 00:00:15]}
Bd5 {[%clk 00:05:55]} {[%emt 00:00:05]} 98. Kf2 {[%clk 00:02:33]} {[%emt
00:00:02]} Kg6 {[%clk 00:05:49]} {[%emt 00:00:16]} 99. Be2 {[%clk 00:02:21]}
{[%emt 00:00:22]} Kf6 {[%clk 00:05:55]} {[%emt 00:00:04]} 100. Ke3 {[%clk
00:02:07]} {[%emt 00:00:24]} Ke7 {[%clk 00:05:59]} {[%emt 00:00:06]} 101. Bh5
{[%clk 00:02:14]} {[%emt 00:00:03]} Be6 {[%clk 00:06:01]} {[%emt 00:00:08]} 102.
d5 {[%clk 00:02:03]} {[%emt 00:00:20]} Bxd5 {[%clk 00:05:57]} {[%emt 00:00:14]}
103. Kd4 {[%clk 00:02:09]} {[%emt 00:00:05]} Kd6 {[%clk 00:06:05]} 104. Bd1
{[%clk 00:02:04]} {[%emt 00:00:15]} Be4 {[%clk 00:06:02]} {[%emt 00:00:14]} 105.
Bb3 {[%clk 00:02:08]} {[%emt 00:00:06]} Bd5 {[%clk 00:06:01]} {[%emt 00:00:11]}
106. Bc2 {[%clk 00:02:11]} {[%emt 00:00:07]} Be6 {[%clk 00:06:10]} 107. Bd3
{[%clk 00:02:20]} {[%emt 00:00:01]} Bd7 {[%clk 00:06:17]} {[%emt 00:00:03]} 108.
Bc4 {[%clk 00:02:27]} {[%emt 00:00:03]} Be6 {[%clk 00:06:21]} {[%emt 00:00:06]}
109. Be2 {[%clk 00:02:29]} {[%emt 00:00:09]} Bf7 {[%clk 00:06:29]} {[%emt
00:00:03]} 110. Bf3 {[%clk 00:02:28]} {[%emt 00:00:10]} Be8 {[%clk 00:06:32]}
{[%emt 00:00:07]} 111. Bd1 {[%clk 00:02:33]} {[%emt 00:00:05]} Bf7 {[%clk
00:06:40]} {[%emt 00:00:02]} 112. Be2 {[%clk 00:02:38]} {[%emt 00:00:04]} Be8
{[%clk 00:06:37]} {[%emt 00:00:14]} 113. Bf1 {[%clk 00:02:40]} {[%emt
00:00:08]} 1/2-1/2

[Event "FIDE World Cup 2025"]
[Site "Goa, India"]
[Date "2025.11.03"]
[Round "3.2"]
[White "Yuffa, Daniil"]
[Black "Thavandiran, Shiyam"]
[Result "1/2-1/2"]
[TimeControl ": 90 minutes for the first 40 moves, followed by 30 minutes for the rest of the gamewith an increment of 30 seconds per move starting from move 1"]
[WhiteFideId "24131423"]
[BlackFideId "2605058"]
[WhiteElo "2621"]
[BlackElo "2402"]

1. c4 {[%clk 00:15:18]} {[%emt 00:00:02]} e6 {[%clk 00:15:18]} {[%emt
00:00:04]} 2. Nc3 {[%clk 00:15:19]} {[%emt 00:00:08]} d5 {[%clk 00:15:25]}
{[%emt 00:00:02]} 3. d4 {[%clk 00:15:27]} {[%emt 00:00:02]} h6 {[%clk
00:15:33]} {[%emt 00:00:03]} 4. cxd5 {[%clk 00:15:18]} {[%emt 00:00:18]} exd5
{[%clk 00:15:41]} {[%emt 00:00:02]} 5. Bf4 {[%clk 00:15:26]} {[%emt 00:00:03]}
Nf6 {[%clk 00:15:38]} {[%emt 00:00:13]} 6. e3 {[%clk 00:15:33]} {[%emt
00:00:03]} Bd6 {[%clk 00:15:34]} {[%emt 00:00:16]} 7. Nge2 {[%clk 00:15:02]}
{[%emt 00:00:38]} O-O {[%clk 00:15:26]} {[%emt 00:00:18]} 8. Bxd6 {[%clk
00:14:44]} {[%emt 00:00:31]} Qxd6 {[%clk 00:15:34]} 9. Ng3 {[%clk 00:14:52]}
{[%emt 00:00:02]} c5 {[%clk 00:13:53]} {[%emt 00:01:51]} 10. dxc5 {[%clk
00:14:28]} {[%emt 00:00:34]} Qxc5 {[%clk 00:14:01]} {[%emt 00:00:03]} 11. Bd3
{[%clk 00:13:38]} {[%emt 00:01:01]} Nc6 {[%clk 00:14:00]} {[%emt 00:00:08]} 12.
O-O {[%clk 00:13:13]} {[%emt 00:00:34]} d4 {[%clk 00:13:17]} {[%emt 00:00:55]}
13. Nce4 {[%clk 00:13:04]} {[%emt 00:00:19]} Nxe4 {[%clk 00:13:20]} {[%emt
00:00:09]} 14. Nxe4 {[%clk 00:13:12]} Qb4 {[%clk 00:11:57]} {[%emt 00:01:33]}
15. exd4 {[%clk 00:12:13]} {[%emt 00:01:09]} Qxd4 {[%clk 00:11:54]} {[%emt
00:00:15]} 16. Nc3 {[%clk 00:10:22]} {[%emt 00:01:59]} Rd8 {[%clk 00:09:34]}
{[%emt 00:02:32]} 17. Be4 {[%clk 00:09:44]} {[%emt 00:00:47]} Qxd1 {[%clk
00:08:46]} {[%emt 00:00:58]} 18. Rfxd1 {[%clk 00:09:50]} {[%emt 00:00:05]} Be6
{[%clk 00:08:50]} {[%emt 00:00:05]} 19. Bxc6 {[%clk 00:09:39]} {[%emt
00:00:20]} bxc6 {[%clk 00:08:53]} {[%emt 00:00:08]} 20. f3 {[%clk 00:09:01]}
{[%emt 00:00:48]} Rab8 {[%clk 00:08:42]} {[%emt 00:00:20]} 21. b3 {[%clk
00:08:44]} {[%emt 00:00:28]} c5 {[%clk 00:08:08]} {[%emt 00:00:44]} 22. Rxd8+
{[%clk 00:08:12]} {[%emt 00:00:42]} Rxd8 {[%clk 00:08:16]} {[%emt 00:00:02]} 23.
Rd1 {[%clk 00:08:15]} {[%emt 00:00:06]} Rb8 {[%clk 00:08:15]} {[%emt 00:00:11]}
24. Nd5 {[%emt 00:01:31]} Kf8 {[%clk 00:06:03]} {[%emt 00:01:37]} 25. Nf4
{[%clk 00:07:28]} Ke7 {[%clk 00:05:59]} {[%emt 00:00:36]} 26. Rc1 {[%emt
00:00:26]} Rc8 {[%clk 00:05:41]} {[%emt 00:00:19]} 27. Kf2 {[%clk 00:07:10]} g5
{[%clk 00:05:47]} {[%emt 00:00:24]} 28. Nxe6 {[%clk 00:07:08]} Kxe6 {[%clk
00:05:55]} {[%emt 00:00:15]} 29. Rc4 {[%clk 00:06:07]} Rc6 {[%clk 00:05:37]}
{[%emt 00:01:43]} 30. Ra4 {[%clk 00:05:59]} a6 {[%clk 00:05:45]} {[%emt
00:00:17]} 31. Ke3 {[%clk 00:05:46]} Kd5 {[%clk 00:05:42]} {[%emt 00:00:35]} 32.
h4 {[%clk 00:04:48]} f5 {[%clk 00:05:22]} {[%emt 00:01:39]} 33. h5 {[%clk
00:04:35]} {[%emt 00:00:24]} Re6+ {[%clk 00:04:35]} {[%emt 00:00:55]} 34. Kd3
{[%clk 00:04:31]} {[%emt 00:00:15]} f4 {[%clk 00:04:36]} {[%emt 00:00:09]} 35.
Ra5 {[%emt 00:00:25]} Rb6 {[%clk 00:03:43]} {[%emt 00:01:01]} 36. Kc3 {[%clk
00:04:07]} {[%emt 00:00:20]} Re6 {[%clk 00:03:23]} {[%emt 00:00:30]} 37. Kd3
{[%clk 00:03:04]} {[%emt 00:01:14]} Re3+ {[%clk 00:02:53]} {[%emt 00:00:39]} 38.
Kd2 {[%clk 00:03:10]} {[%emt 00:00:04]} Re6 {[%clk 00:03:00]} {[%emt 00:00:03]}
39. Ra4 {[%clk 00:02:55]} {[%emt 00:00:26]} Rc6 {[%clk 00:02:48]} {[%emt
00:00:22]} 40. Re4 {[%clk 00:02:34]} {[%emt 00:00:31]} c4 {[%clk 00:02:40]}
{[%emt 00:00:18]} 41. b4 {[%emt 00:00:06]} c3+ {[%clk 00:01:32]} {[%emt
00:01:17]} 42. Kc2 {[%clk 00:02:47]} {[%emt 00:00:02]} Rc7 {[%clk 00:01:11]}
{[%emt 00:00:30]} 43. a3 {[%clk 00:02:25]} {[%emt 00:00:33]} Rc6 {[%clk
00:01:02]} {[%emt 00:00:19]} 44. Re8 {[%clk 00:01:27]} Kd4 {[%clk 00:00:41]}
{[%emt 00:01:37]} 45. Re1 {[%clk 00:01:27]} Kc4 {[%clk 00:00:36]} {[%emt
00:00:24]} 46. Re4+ {[%emt 00:00:44]} Kd5 47. a4 {[%clk 00:01:08]} Rc4 {[%clk
00:00:52]} {[%emt 00:00:03]} 48. Rxc4 {[%emt 00:00:59]} Kxc4 {[%clk 00:01:00]}
{[%emt 00:00:01]} 49. b5 {[%clk 00:00:27]} {[%emt 00:00:02]} axb5 {[%clk
00:01:05]} {[%emt 00:00:05]} 50. axb5 {[%clk 00:00:28]} {[%emt 00:00:09]} Kxb5
{[%clk 00:01:14]} {[%emt 00:00:01]} 51. Kxc3 {[%clk 00:00:37]} {[%emt
00:00:02]} Kc5 {[%clk 00:00:54]} {[%emt 00:00:29]} 52. Kd3 {[%clk 00:00:46]}
Kd5 {[%clk 00:01:02]} {[%emt 00:00:02]} 53. Kc3 {[%clk 00:00:54]} {[%emt
00:00:03]} Kc5 {[%clk 00:00:43]} {[%emt 00:00:29]} 1/2-1/2

[Event "FIDE World Cup 2025"]
[Site "Goa, India"]
[Date "2025.11.03"]
[Round "3.3"]
[White "Rojas Salas, Steven"]
[Black "Narayanan, S"]
[Result "0-1"]
[TimeControl ": 90 minutes for the first 40 moves, followed by 30 minutes for the rest of the gamewith an increment of 30 seconds per move starting from move 1"]
[WhiteFideId "3819434"]
[BlackFideId "5058422"]
[WhiteElo "2413"]
[BlackElo "2617"]

1. e4 {[%clk 00:15:18]} {[%emt 00:00:02]} c5 {[%clk 00:15:19]} {[%emt
00:00:02]} 2. Nf3 {[%clk 00:15:26]} {[%emt 00:00:03]} d6 {[%clk 00:15:28]}
{[%emt 00:00:01]} 3. c3 {[%clk 00:15:34]} {[%emt 00:00:02]} Nf6 {[%clk
00:15:36]} 4. h3 {[%clk 00:15:42]} {[%emt 00:00:02]} Bd7 {[%clk 00:15:45]}
{[%emt 00:00:01]} 5. Bd3 {[%clk 00:15:48]} {[%emt 00:00:04]} Bc6 {[%clk
00:15:54]} 6. Qe2 {[%clk 00:15:57]} {[%emt 00:00:01]} Nh5 {[%clk 00:16:02]}
{[%emt 00:00:02]} 7. g3 {[%clk 00:13:20]} {[%emt 00:02:47]} d5 {[%clk
00:16:03]} {[%emt 00:00:09]} 8. Ne5 {[%clk 00:12:37]} {[%emt 00:00:53]} g6
{[%clk 00:15:59]} {[%emt 00:00:14]} 9. Nxc6 {[%clk 00:12:32]} {[%emt 00:00:15]}
Nxc6 {[%clk 00:16:07]} {[%emt 00:00:02]} 10. exd5 {[%clk 00:12:31]} {[%emt
00:00:11]} Qxd5 {[%clk 00:16:15]} {[%emt 00:00:02]} 11. Be4 {[%clk 00:12:31]}
{[%emt 00:00:11]} Qd7 {[%clk 00:16:22]} {[%emt 00:00:02]} 12. Bg2 {[%clk
00:11:43]} {[%emt 00:00:57]} Bg7 {[%clk 00:16:24]} {[%emt 00:00:08]} 13. O-O
{[%clk 00:11:51]} {[%emt 00:00:03]} O-O {[%clk 00:16:33]} 14. d3 {[%clk
00:11:45]} {[%emt 00:00:16]} Rad8 {[%clk 00:16:30]} {[%emt 00:00:13]} 15. Na3
{[%clk 00:11:11]} {[%emt 00:00:44]} b6 {[%clk 00:15:06]} {[%emt 00:01:34]} 16.
Be3 {[%clk 00:10:32]} {[%emt 00:00:49]} Nf6 {[%clk 00:14:27]} {[%emt 00:00:48]}
17. Rad1 {[%clk 00:10:34]} {[%emt 00:00:08]} Nd5 {[%clk 00:14:33]} {[%emt
00:00:04]} 18. Qd2 {[%clk 00:09:50]} {[%emt 00:00:55]} Nxe3 {[%clk 00:14:32]}
{[%emt 00:00:10]} 19. fxe3 {[%clk 00:09:08]} {[%emt 00:00:53]} a6 {[%clk
00:13:56]} {[%emt 00:00:46]} 20. d4 {[%clk 00:09:03]} {[%emt 00:00:15]} b5
{[%clk 00:14:04]} {[%emt 00:00:02]} 21. Qf2 {[%clk 00:08:40]} {[%emt 00:00:33]}
cxd4 {[%clk 00:12:29]} {[%emt 00:01:45]} 22. exd4 {[%clk 00:08:21]} {[%emt
00:00:29]} Qc7 {[%clk 00:12:20]} {[%emt 00:00:18]} 23. Qf3 {[%clk 00:07:55]}
{[%emt 00:00:37]} Rd6 {[%clk 00:11:51]} {[%emt 00:00:39]} 24. Kh2 {[%clk
00:07:31]} {[%emt 00:00:35]} h5 {[%clk 00:10:50]} {[%emt 00:01:10]} 25. h4
{[%clk 00:07:23]} {[%emt 00:00:18]} b4 {[%clk 00:10:58]} {[%emt 00:00:02]} 26.
Nc2 {[%clk 00:06:34]} {[%emt 00:00:58]} bxc3 {[%clk 00:11:06]} {[%emt
00:00:03]} 27. bxc3 {[%clk 00:06:34]} {[%emt 00:00:10]} e5 {[%clk 00:10:21]}
{[%emt 00:00:54]} 28. d5 {[%clk 00:05:21]} {[%emt 00:01:24]} e4 {[%clk
00:10:29]} {[%emt 00:00:02]} 29. Qxe4 {[%clk 00:04:22]} {[%emt 00:01:09]} Ne5
{[%clk 00:10:38]} {[%emt 00:00:01]} 30. c4 {[%clk 00:04:24]} {[%emt 00:00:08]}
Nxc4 {[%clk 00:10:16]} {[%emt 00:00:32]} 31. Nd4 {[%clk 00:04:14]} {[%emt
00:00:20]} Ne5 {[%clk 00:09:51]} {[%emt 00:00:34]} 32. Kh1 {[%emt 00:00:57]}
Ng4 {[%clk 00:09:51]} 33. Ne2 {[%clk 00:03:01]} {[%emt 00:00:47]} Qb6 {[%clk
00:09:05]} {[%emt 00:00:56]} 34. Qf3 {[%clk 00:02:53]} {[%emt 00:00:17]} Ne3
{[%clk 00:08:07]} {[%emt 00:01:09]} 35. Rb1 {[%clk 00:02:59]} {[%emt 00:00:04]}
Qa7 {[%clk 00:08:11]} {[%emt 00:00:05]} 36. Qf2 {[%clk 00:02:49]} {[%emt
00:00:20]} Qe7 {[%clk 00:07:35]} {[%emt 00:00:47]} 37. Rfe1 {[%clk 00:02:55]}
{[%emt 00:00:05]} Nxg2 {[%clk 00:06:57]} {[%emt 00:00:48]} 38. Qxg2 {[%clk
00:02:58]} {[%emt 00:00:07]} Re8 {[%clk 00:07:05]} 39. Kh2 {[%clk 00:02:24]}
{[%emt 00:00:44]} Qe3 {[%clk 00:06:14]} {[%emt 00:01:01]} 40. Rbd1 {[%clk
00:01:09]} {[%emt 00:01:27]} Rf6 {[%clk 00:05:14]} {[%emt 00:01:09]} 41. d6
{[%clk 00:01:17]} {[%emt 00:00:02]} Qa7 {[%clk 00:04:00]} {[%emt 00:01:24]} 42.
Rf1 {[%clk 00:00:47]} {[%emt 00:00:40]} Rxf1 {[%clk 00:03:44]} {[%emt
00:00:25]} 43. Qxf1 {[%clk 00:00:56]} {[%emt 00:00:02]} Be5 {[%clk 00:03:31]}
{[%emt 00:00:23]} 44. Ng1 {[%clk 00:00:14]} {[%emt 00:00:51]} Rd8 {[%clk
00:03:24]} {[%emt 00:00:18]} 45. Nf3 {[%clk 00:00:21]} {[%emt 00:00:03]} Bxd6
{[%clk 00:03:20]} {[%emt 00:00:14]} 46. Ng5 {[%clk 00:00:13]} {[%emt 00:00:18]}
Qc7 {[%clk 00:03:16]} {[%emt 00:00:14]} 47. Kh3 {[%clk 00:00:12]} {[%emt
00:00:11]} Qd7+ {[%clk 00:03:14]} {[%emt 00:00:12]} 48. Kg2 {[%clk 00:00:20]}
{[%emt 00:00:03]} Qb7+ {[%clk 00:02:28]} {[%emt 00:00:56]} 49. Kh3 {[%clk
00:00:21]} {[%emt 00:00:08]} Rd7 {[%clk 00:02:00]} {[%emt 00:00:38]} 50. Qf6
{[%clk 00:00:13]} {[%emt 00:00:18]} Qc8 {[%clk 00:01:51]} {[%emt 00:00:20]} 51.
Rf1 {[%clk 00:00:11]} {[%emt 00:00:11]} Be5 {[%clk 00:01:35]} {[%emt 00:00:25]}
52. Qf3 {[%clk 00:00:11]} {[%emt 00:00:10]} Rd3+ {[%clk 00:01:43]} {[%emt
00:00:03]} 0-1